Ελλάδα, Διεθνές Κέντρο Εκπαίδευσης (Record no. 6090)
[ view plain ]
| 000 -LEADER | |
|---|---|
| fixed length control field | 01551cam a22001934a 4500 |
| 005 - ΗΜΕΡΟΜΗΝΙΑ ΚΑΙ ΩΡΑ ΤΕΛΕΥΤΑΙΑΣ ΕΝΗΜΕΡΩΣΗΣ | |
| Πεδίο ελέγχου | 20250605163524.0 |
| 008 - FIXED-LENGTH DATA ELEMENTS--GENERAL INFORMATION | |
| Πεδίο ελέγχου σταθερού μήκους | 250528s ||||||||||||||||||||||||d |
| 035 ## - SYSTEM CONTROL NUMBER | |
| System control number | 21014 |
| 020 ## - ISBN | |
| ISBN | 9789609383929 |
| 040 ## - ΠΗΓΗ ΚΑΤΑΛΟΓΟΓΡΑΦΗΣΗΣ | |
| Φορέας πρωτότυπης καταλογογράφησης | MC Athens Campus Library |
| Γλώσσα καταλογογράφησης | Ελληνικά, Μοντέρνα (1453-) |
| Modifying agency | MC Athens Campus Library |
| Κανόνες περιγραφικής καταλογογράφησης | AACR2 |
| 245 1# - ΤΙΤΛΟΣ ΚΑΙ ΔΗΛΩΣΗ ΥΠΕΥΘΥΝΟΤΗΤΑΣ | |
| Τίτλος | Ελλάδα, Διεθνές Κέντρο Εκπαίδευσης |
| 260 ## - PUBLICATION, DISTRIBUTION, ETC. | |
| Name of publisher, distributor, etc. | Εκπαιδευτικός Όμιλος Ξυνή, |
| Date of publication, distribution, etc. | 2016 |
| 300 ## - PHYSICAL DESCRIPTION | |
| Extent | 264 |
| 520 ## - SUMMARY, ETC. | |
| Summary, etc. | Η Ελλάδα, ως κοιτίδα του Δυτικού Πολιτισμού και ως Ευρωπαική Χώρα στο σταυροδρόμι τριων ηπείρων, που είναι μάλιστα προικισμένη με την οικουμενική διάσταση που διαχρονικά της προσδίδει ο Απόδημος Ελληνισμός, έχει τεράστιες δυνατότητες να αναβαθμιστεί στο άμεσο μέλλον σε Διεθνές Κέντρο Εκπαίδευσης. Προίμιο, Πρόλογος, Εισαγωγή, Παγκόσμια Δυναμική της Διεθνούς Εκπαίδευσης, Βέλτιστη Πολιτική Εκπαιδευτικής Εξωστρέφειας, Εφηρμοσμένη Μικροοικονομική Θεωρία Διεθνούς Εκπαίδευσης, Αρχεία Στατιστικής Τεκμηρίωσης, Εκπαιδευτική Παλιγενεσία (αντί επιλόγου). |
| 700 1# - ΠΡΟΣΘΕΤΗ ΑΝΑΓΡΑΦΗ--ΦΥΣΙΚΟ ΠΡΟΣΩΠΟ | |
| Personal name | Ξυνής Σοφοκλής |
| 942 ## - ADDED ENTRY ELEMENTS (KOHA) | |
| Koha item type | Books |
| Τύπος τεκμηρίου | Βιβλιοθήκη | Τρέχουσα τοποθεσία | Barcode | Αριθμός εισαγωγής | Ημερομηνία απόκτησης | Ταξιθετικό σύμβολο | Αριθμός αντιτύπου | Κατάσταση απόσυρσης | Κατάσταση χαμένου | Κατάσταση κατεστραμμένου | Μη δανεισμός | Σύνολο δανεισμών | Ημερομηνία τελευταίας εμφάνισης | Η τιμή ισχύει από |
|---|---|---|---|---|---|---|---|---|---|---|---|---|---|---|
| Books | MC Athens Campus Library | MC Athens Campus Library | 9780000060891 | 6783 | 05/06/2025 | 374.4 XIN | 1 | 05/06/2025 | 05/06/2025 |